00561nam a22001817a 450000500170000001000150001702000270003203500140005903700130007308200150008610000260010124500600012725000260018726000340021327000500024730000330029750000490033020181026123550.0 aENG-124386 c1395.00a9789386552655 aEN-107918 bDBAD/PUB a891.431209 aHawley, John Stratton aSurdas:cby John Stratton Hawleybpoet, singer, saint / arevi.and enlarged ed. aNew DelhibPrimus Booksc2018 aArakashan Road, Paharganj,bNew Delhie110055 axxii,375p.c23cm. (Hb)bill. aIt includes glossary, bibliography and index